Enciclopedia de psicología

Gardado en:
Detalles Bibliográficos
Main Authors: Smirnov, A. A (Author), Leontiev, Aleksei Nikolaevich (Author), Rubinshtein, S. L (Author), Tieplov, B. M (Author), Rubinstein, J. L (Author), Sluchevski, I. F (Author), Kluckhohn, Clyde (Author), Schneider, David M (Author)
Outros autores: Merani, Alberto L. (autor), Murray, Henry A. (autor)
Formato: Libro
Idioma:Lingua castelá
Publicado: Ciudad de México Grijalbo 1962
Subjects:
Tags: Engadir etiqueta
Sen Etiquetas, Sexa o primeiro en etiquetar este rexistro!

MARC

LEADER 00000nam a2200000 a 4500
001 UCY9923
003 CL-VaPUC
008 950724e19620000MX |||||||||||||||||spa|d
082 0 4 |a 150.03  |b SMI  |2 21 
100 0 |a Smirnov, A. A  |e author  |9 342475 
700 |a Leontiev, Aleksei Nikolaevich  |e author  |9 543485 
700 0 |a Rubinshtein, S. L  |e author  |9 342477 
700 0 |a Tieplov, B. M  |e author  |9 342478 
700 0 |a Rubinstein, J. L  |e author  |9 342479 
700 |a Merani, Alberto L.  |e autor  |9 549989 
700 0 |a Sluchevski, I. F  |e author  |9 342481 
700 |a Kluckhohn, Clyde  |e author  |9 430954 
700 |a Murray, Henry A.  |e autor  |9 342483 
700 0 |a Schneider, David M  |e author  |9 342484 
245 1 0 |a Enciclopedia de psicología 
246 1 0 |a psicología 
246 1 0 |a Principios de psicología general 
246 1 0 |a Psicología genética 
246 1 0 |a Psicobiología 
246 1 0 |a Psiquiatría 
246 1 3 |a La personalidad: en la naturaleza, la sociedad y la cultura 
300 |a 6 v 
942 |c BK 
945 |d 19950724 00:00:00  |a mfernand 
260 |a Ciudad de México  |b Grijalbo  |c 1962 
650 0 |a Psicología   |9 257863 
650 0 |a Enciclopedias  |9 264135 
583 |a last modification  |c 19950724 00:00:00  |k Rodrigo Vera 
999 |c 236909  |d 236907 
952 |0 0  |1 0  |4 0  |6 150_030000000000000_SMI_1962  |7 0  |8 X  |9 245390  |a BIBEDU  |b BIBEDU  |d 2019-11-18  |h v.1  |i 1539841  |o 150.03 SMI 1962  |p 1539841  |r 2023-01-13  |w 2019-11-18  |y BK_X  |k EDU 
952 |0 0  |1 0  |4 0  |6 150_030000000000000_SMI_1962  |7 0  |8 X  |9 245391  |a BIBEDU  |b BIBEDU  |d 2019-11-18  |h v.2  |i 153985K  |o 150.03 SMI 1962  |p 153985K  |r 2023-01-13  |w 2019-11-18  |y BK_X  |k EDU 
952 |0 0  |1 0  |4 0  |6 150_030000000000000_SMI_1962  |7 0  |8 X  |9 245392  |a BIBEDU  |b BIBEDU  |d 2019-11-18  |h v.3  |i 1539868  |o 150.03 SMI 1962  |p 1539868  |r 2023-01-13  |w 2019-11-18  |y BK_X  |k EDU 
952 |0 0  |1 0  |4 0  |6 150_030000000000000_SMI_1962  |7 0  |8 X  |9 245393  |a BIBEDU  |b BIBEDU  |d 2019-11-18  |h v.4  |i 1539876  |o 150.03 SMI 1962  |p 1539876  |r 2023-01-13  |w 2019-11-18  |y BK_X  |k EDU 
952 |0 0  |1 0  |4 0  |6 150_030000000000000_SMI_1962  |7 0  |8 X  |9 245394  |a BIBEDU  |b BIBEDU  |d 2019-11-18  |h v.5  |i 1539884  |o 150.03 SMI 1962  |p 1539884  |r 2023-01-13  |w 2019-11-18  |y BK_X  |k EDU 
952 |0 0  |1 0  |4 0  |6 150_030000000000000_SMI_1962  |7 0  |8 X  |9 245395  |a BIBEDU  |b BIBEDU  |d 2019-11-18  |h v.6  |i 1539892  |o 150.03 SMI 1962  |p 1539892  |r 2023-01-13  |w 2019-11-18  |y BK_X  |k EDU